The kingdom of Fungi
Sábháilte in:
| Príomhchruthaitheoir: | |
|---|---|
| Formáid: | LEABHAR |
| Teanga: | Béarla |
| Foilsithe / Cruthaithe: |
Princeton, N.J., USA
Princeton University Press
2012
|
| Ábhair: | |
| Clibeanna: |
Cuir clib leis
Níl clibeanna ann, Bí ar an gcéad duine le clib a chur leis an taifead seo!
|
MARC
| LEADER | 00000cam a2200000 a 4500 | ||
|---|---|---|---|
| 001 | UCC5532 | ||
| 003 | CL-VaPUC | ||
| 005 | 20211104074322.0 | ||
| 008 | 181012e20120000us |||||||||||||||||eng|d | ||
| 999 | |c 372724 |d 372722 | ||
| 020 | |a 9780691157542 | ||
| 040 | |c Pontificia Universidad Católica de Valparaíso | ||
| 082 | 0 | 4 | |a 579.5 PET 2012 |2 21 |
| 100 | 0 | |a Petersen, Jens H |9 599847 | |
| 245 | 1 | 4 | |a The kingdom of Fungi |
| 260 | |a Princeton, N.J., USA |b Princeton University Press |c 2012 | ||
| 300 | |a 265 páginas | ||
| 583 | |c 20200710 | ||
| 650 | 0 | |a Hongos |9 261629 | |
| 650 | 7 | |a MICETOLOGIA |2 CL-VaPUC |9 461780 | |
| 942 | |c BK |2 ddc | ||
| 945 | |d 20181012 13:26:00 |a dcastane | ||
| 952 | |0 0 |1 0 |2 ddc |3 erd |4 0 |6 579_500000000000000_PET_2012 |7 0 |8 A |9 490489 |a BIBCUR |b BIBCUR |i 5506581 |l 1 |m 1 |o 579.5 PET 2012 |p 5506581 |r 2025-04-22 |s 2023-06-19 |t 1 |w 2019-11-24 |y BK |z Catalogado en:20181012 |k BIO | ||
| 952 | |0 0 |1 0 |2 ddc |3 erd |4 0 |6 579_500000000000000_PET_2012 |7 0 |8 A |9 490490 |a BIBCUR |b BIBCUR |d 2019-06-24 |e 17 |g 34928.00 |i 5554195 |l 1 |o 579.5 PET 2012 |p 5554195 |r 2025-04-22 |s 2023-06-13 |t 2 |v 34928.00 |w 2019-11-24 |y BK |z Catalogado en:20190628 |k BIO | ||
| 952 | |0 0 |1 0 |2 ddc |3 erd |4 0 |6 579_500000000000000_PET_2012 |7 0 |8 A |9 490492 |a BIBCUR |b BIBCUR |d 2019-06-24 |e 17 |g 34928.00 |i 5554179 |l 1 |o 579.5 PET 2012 |p 5554179 |r 2025-05-08 |s 2025-05-08 |t 4 |v 34928.00 |w 2019-11-24 |y BK |z Catalogado en:20190628 |k BIO | ||
| 952 | |0 0 |1 0 |2 ddc |3 erd |4 0 |6 579_500000000000000_PET_2012 |7 0 |8 A |9 490493 |a BIBCUR |b BIBCUR |d 2019-06-24 |e 17 |g 34928.00 |i 5554160 |l 1 |m 2 |o 579.5 PET 2012 |p 5554160 |r 2025-04-22 |s 2022-03-23 |t 5 |v 34928.00 |w 2019-11-24 |y BK |z Catalogado en:20190628 |k BIO | ||